Statistics for Most North American Capitals You Can Name in 1 Minute

Click here to take the quiz!

General Stats

  • This quiz has been taken 1,106 times
    (1,098 since last reset)
  • The average score is 13 of 23

Answer Stats

Capital % Correct
Washington, D.C.
98%
Ottawa
90%
Mexico City
90%
Panama City
76%
Havana
74%
Kingston
68%
Kingstown
68%
Guatemala City
65%
San Jose
63%
San Salvador
61%
Port-au-Prince
59%
Managua
58%
Belmopan
56%
Tegucigalpa
54%
Nassau
53%
Santo Domingo
48%
Port-of-Spain
42%
Saint John's
41%
Bridgetown
39%
Saint George's
35%
Roseau
34%
Basseterre
33%
Castries
32%

Score Distribution

Percentile by Number Answered

Percent of People with Each Score

Your Score History

You have not taken this quiz since the last reset